Marketing in regional development
Salvato in:
| Autore principale: | |
|---|---|
| Ente Autore: | |
| Altri autori: | , , , , |
| Natura: | Libro |
| Lingua: | inglese |
| Pubblicazione: |
Brno
Mendel University in Brno
2013
|
| Edizione: | 1st is. |
| Soggetti: | |
| Tags: |
Nessun Tag, puoi essere il primo ad aggiungerne!!
|
MARC
| LEADER | 00000nam a2200000 4500 | ||
|---|---|---|---|
| 001 | 0182388 | ||
| 005 | 20240502083428.8 | ||
| 020 | |a 978-80-7375-812-7 | ||
| 041 | 0 | |a eng | |
| 044 | |a CZ | ||
| 245 | 1 | 0 | |a Marketing in regional development |c Miroslav Foret and others |
| 250 | |a 1st is. | ||
| 264 | 1 | |a Brno |b Mendel University in Brno |c 2013 | |
| 300 | |a 138 s. [9,47 AH] | ||
| 610 | 2 | 0 | |a marketing |
| 610 | 2 | 0 | |a marketing manažment |
| 610 | 2 | 0 | |a systémy informačné |
| 610 | 2 | 0 | |a marketing mix |
| 610 | 2 | 0 | |a rozvoj regionálny |
| 610 | 2 | 0 | |a marketing environmentálny |
| 610 | 2 | 0 | |a marketing mestský |
| 100 | 1 | |a Foret, Miroslav | |
| 700 | 1 | |a Hesková, Marie | |
| 700 | 1 | |a Lieskovská, Vanda, 1961- | |
| 700 | 1 | |a Petrovčiková, Katarína, 1977- | |
| 700 | 1 | |a Megyesiová, Silvia, 1969- | |
| 700 | 1 | |a Vaňová, A. | |
| 710 | 2 | |a Mendelova univerzita v Brně. Fakulta regionálního rozvoje a mezinárodních studií | |